biohydrogen production from biomass by photofermentation using helium-neon laser irradiation biohydrogen production from biomass by photofermentation using helium-neon laser irradiation / (رقم التسجيلة. 163762)
[ عرض عادي ]
| 000 -LEADER | |
|---|---|
| fixed length control field | 03289nam a2200409Ia 4500 |
| 003 - CONTROL NUMBER IDENTIFIER | |
| control field | OSt |
| 005 - أخر تعامل مع التسجيلة | |
| control field | 20260419113605.0 |
| 008 - FIXED-LENGTH DATA ELEMENTS--GENERAL INFORMATION | |
| fixed length control field | 2310s2025 ua a frm 000 0 und d |
| 040 ## - CATALOGING SOURCE | |
| Original cataloguing agency | EG-GICUC |
| Language of cataloging | eng |
| Transcribing agency | EG-GICUC |
| Modifying agency | EG-GICUC |
| 041 0# - LANGUAGE CODE | |
| Language code of text/sound track or separate title | eng |
| Language code of summary or abstract | eng |
| -- | ara |
| 049 ## - Acquisition Source | |
| Acquisition Source | Deposit |
| 082 ## - DEWEY DECIMAL CLASSIFICATION NUMBER | |
| Classification number | 631.3 |
| 092 ## - LOCALLY ASSIGNED DEWEY CALL NUMBER (OCLC) | |
| Classification number | 631.3 |
| Edition number | 21 |
| 097 ## - Degree | |
| Degree | M.Sc |
| 099 ## - LOCAL FREE-TEXT CALL NUMBER (OCLC) | |
| Local Call Number | Cai01.07.02.M.sc.2021.Ah.B |
| 100 ## - MAIN ENTRY--PERSONAL NAME | |
| Authority record control number or standard number | Ahmed Aboulmagd Abdelqader, |
| Preparation | preparation. |
| 245 ## - TITLE STATEMENT | |
| Title | biohydrogen production from biomass by photofermentation using helium-neon laser irradiation biohydrogen production from biomass by photofermentation using helium-neon laser irradiation / |
| Statement of responsibility, etc. | Ahmed Aboulmagd Abdelqader; Supervised MOHAMED MOHAMED BADR،EHAB ABDELMONEIM MAGDY،MOHAMED SAMER MOHSEN. |
| 246 ## - VARYING FORM OF TITLE | |
| Title proper/short title | التخمر الضوئي باستخدام أشعة ليزر هيليوم-نيون عنوان الرسالة باللغة العربية : انتاج وقود الهيدروجين الحيوي من الكتلة الحيوية عن طريق |
| 264 #0 - PRODUCTION, PUBLICATION, DISTRIBUTION, MANUFACTURE, AND COPYRIGHT NOTICE | |
| Date of production, publication, distribution, manufacture, or copyright notice | 2021. |
| 300 ## - PHYSICAL DESCRIPTION | |
| Extent | 49 pages : |
| Other physical details | illustrations |
| Dimensions | 30 cm. + |
| Accompanying material | CD |
| 336 ## - CONTENT TYPE | |
| Source | rda content |
| Content type term | text |
| 337 ## - MEDIA TYPE | |
| Source | rdamedia |
| Media type term | Unmediated |
| 338 ## - CARRIER TYPE | |
| Source | rdacarrier |
| Carrier type term | volume |
| 502 ## - DISSERTATION NOTE | |
| Dissertation note | Thesis (M.Sc.)-Cairo Univsersity,2022. |
| 504 ## - BIBLIOGRAPHY, ETC. NOTE | |
| Bibliography, etc. note | Bibliography: p. 45-49. |
| 520 ## - SUMMARY, ETC. | |
| Summary, etc. | Biohydrogen has significant feasibility since biological processes are much less energy intensive compared with electrolysis and thermo-chemical processes. Biohydrogen producing bacteria was exposed to helium-neon red and green laser, this led to photobiostimulation of the bacterial cells (Activity, growth rate,..etc). The yielded biohydrogen by photo-fermentation of food leftovers was increased significantly. The yielded biohydrogen using this new technique produced hydrogen 1.26 and 1.79 times the control for red and green laser. |
| 520 ## - SUMMARY, ETC. | |
| Summary, etc. | لقد وجد أن الهيدرجين الحيوي ذو جدوي كبيرة نظراً لإنخفاض متطلبات إنتاجه من الطاقة مقارنة بالتحليل الكهربي و الطرق الكيميائية-الحرارية. الفرضية الرئيسية هي أن تعريض هذا النوع من البكتيريا الذي يعد شرهاً للضوء إلي ليزر الهيليوم-نيون الأحمر و الأخضر لمدة ساعتين قبل الحقن في المخمر الحيوي الضوئي سيساعد البكتيريا على زيادة نشاطها و بالتالي زيادة إنتاج الهيدروجين الحيوي من المخلفات الحيوية كمخلفات الغذاء. أثبتت النتائج أن تعريض البكتيريا لليزر الأحمر و الأخضر أدي إلي زيادة مقدارها 26.5% و 112% على الترتيب في إنتاج الهيدروجين مقارنةً بالكنترول. |
| 530 ## - ADDITIONAL PHYSICAL FORM AVAILABLE NOTE | |
| Issues CD | Issues also as CD. |
| 546 ## - LANGUAGE NOTE | |
| Text Language | Text in English and abstract in Arabic & English. |
| 650 ## - SUBJECT ADDED ENTRY--TOPICAL TERM | |
| Topical term or geographic name entry element | agricultural wastes |
| 653 ## - INDEX TERM--UNCONTROLLED | |
| Uncontrolled term | photofermentation, |
| 700 ## - ADDED ENTRY--PERSONAL NAME | |
| Personal name | MOHAMED SAMER MOHSEN |
| Relator term | thesis advisor. |
| 900 ## - Thesis Information | |
| Grant date | 01-01-2021 |
| Supervisory body | MOHAMED SAMER MOHSEN |
| Universities | Cairo University |
| Faculties | Faculty of Agriculture |
| Department | Department of Agricultural Engineering |
| 905 ## - Cataloger and Reviser Names | |
| Cataloger Name | Shimaa |
| 942 ## - ADDED ENTRY ELEMENTS (KOHA) | |
| Koha item type | Thesis |
| Source of classification or shelving scheme | Dewey Decimal Classification |
| Source of classification or shelving scheme | Home library | Current library | Date acquired | Inventory number | Full call number | Barcode | Date last seen | Effective from | Koha item type |
|---|---|---|---|---|---|---|---|---|---|
| Dewey Decimal Classification | المكتبة المركزبة الجديدة - جامعة القاهرة | قاعة الرسائل الجامعية - الدور الاول | 11.02.2024 | 85838 | Cai01.07.02.M.sc.2021.Ah.B | 01010110085838000 | 30.10.2023 | 30.10.2023 | Thesis |